01333cam a2200325 a 450000100060000000300080000600500170001400800410003103500190007203500190009104000830011004100110019308200190020410000540022324503180027725000110059526000820060630000240068850000200071260000370073265000250076965000470079465100270084165100320086870000200090070000280092070000120094870000170096070000300097726678BD-RjUL20211209051042.0140323r19611919enk b 001 0 eng d a(OCoLC)1413050 a(BD-RjUL)26748 aWellesley College. Libr.cOClUd*SER*dm.c.dOCoLCdRPBdCStRLINdBD-RjULbeng1 aengger a947bMAS 19611 aMasaryk, T. G.q(Tomáš Garrigue),d1850-1937.14aThe spirit of Russia :bstudies in history, literature and philosophy /cThomas Garrigue Masaryk ; translated from the German original by Eden and Cedar Paul ; with additional chapters and bibliographies by Jan Slavík ; the former translated and the latter condensed and translated by W.R. & Z. Lee.nVolume Two a2d ed. aLondon ;bG. Allen & Unwin ;aNew York :bMacmillan,c1919 [Imprission 1961]. axix, 664. ;c22 cm. aIncludes index.10aDostoyevsky, Fyodor,d1821-1881. 0aPhilosophy, Russian. 0aRussian literaturexHistory and criticism. 0aSoviet UnionxHistory. 0aSoviet UnionxCivilization.10aGibian, George.1 aPaul, Eden,d1865-1944.1 aLee, Z.1 aPaul, Cedar.1 aSlavík, Jan,d1885-1978